00470nam a2200169Ia 4500008004100000041001200041082002100053100001400074245005100088365000800139520001300147546001200160630005100172650001300223655001300236730005100249101110s9999 xx 000 0 und d aENGLISH bSR22088a657.046 aPaul S.K. aAdvanced Accounting ( C.A. int. New Syllabus ) b245 aCommerce aENGLISH aAdvanced Accounting ( C.A. int. New Syllabus ) aCommerce aCommerce aAdvanced Accounting ( C.A. int. New Syllabus )